<?xml version="1.0" encoding="UTF-8"?>
<record
    xmlns:xsi="http://www.w3.org/2001/XMLSchema-instance"
    xsi:schemaLocation="http://www.loc.gov/MARC21/slim http://www.loc.gov/standards/marcxml/schema/MARC21slim.xsd"
    xmlns="http://www.loc.gov/MARC21/slim">

  <leader>00745nam a22002297a 4500</leader>
  <controlfield tag="003">OSt</controlfield>
  <controlfield tag="005">20260514122937.0</controlfield>
  <controlfield tag="008">260514b        |||||||| |||| 00| 0 eng d</controlfield>
  <datafield tag="020" ind1=" " ind2=" ">
    <subfield code="a">9789811981128</subfield>
  </datafield>
  <datafield tag="040" ind1=" " ind2=" ">
    <subfield code="c">IN-NITTTR</subfield>
  </datafield>
  <datafield tag="082" ind1=" " ind2=" ">
    <subfield code="a">630.285</subfield>
    <subfield code="b">A285I</subfield>
  </datafield>
  <datafield tag="245" ind1=" " ind2=" ">
    <subfield code="a">IoT and AI in Agriculture</subfield>
    <subfield code="b">Self-sufficiency in Food Production to Achieve Society 5.0 and SDG's Globally/</subfield>
    <subfield code="c">Edited by Tofael Ahamed</subfield>
  </datafield>
  <datafield tag="260" ind1=" " ind2=" ">
    <subfield code="a">Singapore.</subfield>
    <subfield code="b">Springer Nature Singapore Pte Ltd.</subfield>
    <subfield code="c">2023</subfield>
  </datafield>
  <datafield tag="300" ind1=" " ind2=" ">
    <subfield code="a">xvii, 461 p.</subfield>
  </datafield>
  <datafield tag="650" ind1=" " ind2=" ">
    <subfield code="a">Internet of Things (IoT)</subfield>
  </datafield>
  <datafield tag="650" ind1=" " ind2=" ">
    <subfield code="a">Artificial Intelligence in Agriculture</subfield>
  </datafield>
  <datafield tag="650" ind1=" " ind2=" ">
    <subfield code="a">Smart Agriculture</subfield>
  </datafield>
  <datafield tag="650" ind1=" " ind2=" ">
    <subfield code="a">Precision Farming</subfield>
  </datafield>
  <datafield tag="650" ind1=" " ind2=" ">
    <subfield code="a">Food Production</subfield>
  </datafield>
  <datafield tag="700" ind1=" " ind2=" ">
    <subfield code="a"> Ahamed, Tofael</subfield>
    <subfield code="e">Ed.</subfield>
  </datafield>
  <datafield tag="942" ind1=" " ind2=" ">
    <subfield code="2">ddc</subfield>
    <subfield code="c">BK</subfield>
    <subfield code="n">0</subfield>
  </datafield>
  <datafield tag="999" ind1=" " ind2=" ">
    <subfield code="c">33450</subfield>
    <subfield code="d">33450</subfield>
  </datafield>
  <datafield tag="952" ind1=" " ind2=" ">
    <subfield code="0">0</subfield>
    <subfield code="1">0</subfield>
    <subfield code="2">ddc</subfield>
    <subfield code="4">0</subfield>
    <subfield code="7">0</subfield>
    <subfield code="8">NFIC</subfield>
    <subfield code="a">NITTTR</subfield>
    <subfield code="b">NITTTR</subfield>
    <subfield code="d">2026-05-14</subfield>
    <subfield code="l">0</subfield>
    <subfield code="o">630.285 A285I</subfield>
    <subfield code="p">50380</subfield>
    <subfield code="r">2026-05-14 12:30:00</subfield>
    <subfield code="w">2026-05-14</subfield>
    <subfield code="y">BK</subfield>
  </datafield>
  <datafield tag="952" ind1=" " ind2=" ">
    <subfield code="0">0</subfield>
    <subfield code="1">0</subfield>
    <subfield code="2">ddc</subfield>
    <subfield code="4">0</subfield>
    <subfield code="7">0</subfield>
    <subfield code="8">NFIC</subfield>
    <subfield code="a">NITTTR</subfield>
    <subfield code="b">NITTTR</subfield>
    <subfield code="d">2026-05-14</subfield>
    <subfield code="l">0</subfield>
    <subfield code="o">630.285 A285I</subfield>
    <subfield code="p">50381</subfield>
    <subfield code="r">2026-05-14 12:30:00</subfield>
    <subfield code="w">2026-05-14</subfield>
    <subfield code="y">BK</subfield>
  </datafield>
</record>
